000 00635nam a2200193Ia 4500
005 20250508162106.0
008 008 250505s9999 xx 000 0 eng d
037 _aTextual
040 _aFEDL
_beng
_cFEDL
041 _aeng
_2eng
084 _a378, MAC
_qFEDL
100 _aMacKenzie Norman
245 0 _aTeaching and learning : An introduction to new methods and resources in higher education
260 _aParis, France
_bUNESCO and the International Association of Universities
_c1970
300 _a209p
700 _a Eraut Michael John Hywel C
_9772271
942 _cTEXL
_h378, MAC
999 _c1374326
_d1374326